| 000 | 00452cam a2200193ua 4500 | ||
|---|---|---|---|
| 001 | 8930 | ||
| 005 | 20260515114414.0 | ||
| 008 | 150219n ii |||gr||||Z||||||asm | ||
| 040 | _cMAIN | ||
| 041 | _aasm | ||
| 082 | _a491.451 | ||
| 100 |
_aBaruah, A., _eEditor. |
||
| 245 |
_aBhool _cEdited by Anil Baruah |
||
| 250 | _a1st. | ||
| 260 |
_aGuwahati: _bASP, _c2010. |
||
| 300 | _a142p. | ||
| 653 | _aEast Indo-European & Celtic languages | ||
| 942 | _cBK | ||
| 999 |
_c8017 _d8017 |
||